ទេ ទេ អត់ទេ! / (Record no. 1642)

MARC details
000 -LEADER
fixed length control field 01416nam a22002897a 4500
001 - CONTROL NUMBER
control field 1642
003 - CONTROL NUMBER IDENTIFIER
control field FISKH
005 - DATE AND TIME OF LATEST TRANSACTION
control field 20230915112633.0
008 - FIXED-LENGTH DATA ELEMENTS--GENERAL INFORMATION
fixed length control field 230912b cb ||||| |||| 00| 0 khr d
020 ## - INTERNATIONAL STANDARD BOOK NUMBER
International Standard Book Number 9789924341482
040 ## - CATALOGING SOURCE
Original cataloging agency FISKH
Language of cataloging eng
Transcribing agency FISKH
Modifying agency FISKH
082 ## - DEWEY DECIMAL CLASSIFICATION NUMBER
Classification number 371.102
100 ## - MAIN ENTRY--PERSONAL NAME
Personal name Allence, Mireille d'
245 ## - TITLE STATEMENT
Title ទេ ទេ អត់ទេ! /
Statement of responsibility, etc. និពន្ធនិងគូររូបដោយ មារ៉ី ដាឡង់សេ - បកប្រែពីភាសាបារាំងដោយ អ៊ូច សូលីដា​
260 ## - PUBLICATION, DISTRIBUTION, ETC.
Place of publication, distribution, etc. Paris :
Name of publisher, distributor, etc. Sipar,
Date of publication, distribution, etc. 2022.
300 ## - PHYSICAL DESCRIPTION
Extent 26 pages :
Other physical details color illustrations ;
Dimensions 20 cm
490 ## - SERIES STATEMENT
Series statement តស់អាន!
505 ## - FORMATTED CONTENTS NOTE
Formatted contents note J<br/>
520 ## - SUMMARY, ETC.
Summary, etc. ថ្ងៃនេះជាថ្ងៃចូលរៀនដំបូងរបស់អុកតា​វ។ មិនថាជាមួយម្ដាយ អ្នកគ្រូ ឬ មិត្តរួមថ្នាក់ គេនិយាយពាក្យថា ទេ រហូត។​
520 ## - SUMMARY, ETC.
Summary, etc. Today is Oktao's first day of school. Whether with a mother, a teacher, or a classmate, they always say no to him.
521 8# - TARGET AUDIENCE NOTE
Target audience note 500<br/>
Source Lexile estimate<br/>
521 8# - TARGET AUDIENCE NOTE
Target audience note J<br/>
Source Raz-Plus<br/>
650 ## - SUBJECT ADDED ENTRY--TOPICAL TERM
Topical term or geographic name entry element ថ្ងៃចូលរៀនដំបូង
Form subdivision ទេ
650 ## - SUBJECT ADDED ENTRY--TOPICAL TERM
Topical term or geographic name entry element First day of school
Form subdivision No
700 ## - ADDED ENTRY--PERSONAL NAME
Personal name Allence, Mireille d'
Relator term illustrator
942 ## - ADDED ENTRY ELEMENTS (KOHA)
Source of classification or shelving scheme Dewey Decimal Classification
Koha item type Khmer Books
Suppress in OPAC No
Holdings
Withdrawn status Lost status Source of classification or shelving scheme Damaged status Not for loan Collection Home library Current library Shelving location Date acquired Total Checkouts Full call number Barcode Date last seen Date last checked out Copy number Price effective from Koha item type
    Dewey Decimal Classification     Khmer Language Books / សៀវភៅភាសាខ្មែរ Footprints International School Library Network Toul Kork Campus Footprints International School Library Network Toul Kork Campus TK Campus, Room B402, Khmer Book Case 16, Shelves 112-123 / ទូរសៀវភៅខ្មែរលេខ ១៦​ ធ្នើរ ១១២ ដល់ ១២៣ បន្ទប់ B402 សាខាទួលគោក 09/12/2023 1 ALL 371.102 2023-0593 02/14/2025 12/04/2024 1 09/12/2023 Khmer Books
    Dewey Decimal Classification     Khmer Language Books / សៀវភៅភាសាខ្មែរ Footprints International School Library Network Toul Kork Campus Footprints International School Library Network Toul Kork Campus TK Campus, Room B402, Khmer Book Case 16, Shelves 112-123 / ទូរសៀវភៅខ្មែរលេខ ១៦​ ធ្នើរ ១១២ ដល់ ១២៣ បន្ទប់ B402 សាខាទួលគោក 09/12/2023 2 ALL 371.102 2023-0594 06/09/2025 02/14/2025 2 09/12/2023 Khmer Books